Countries and World Capitals Starting with I - One Minute Sprint - Statistics

General Stats
  • This quiz has been taken 32 times
  • The average score is 8 of 9
Answer Stats
country / capital % Correct
India
100%
Indonesia
97%
Iran
93%
Iraq
93%
Ireland
93%
Iceland
90%
Italy
83%
Islamabad
73%
Israel
73%
No matching quizzes found
Score Distribution
Percent of People with Each Score
Percentile by Number Answered
Your Score History
You have not taken this quiz